|
|
|
|
| LEADER |
01374nam a2200361Ia 4500 |
| 001 |
EBC438567 |
| 003 |
MiAaPQ |
| 005 |
20200520144314.0 |
| 006 |
m o d | |
| 007 |
cr cn||||||||| |
| 008 |
081107s2009 enk sb 001 0 eng d |
| 010 |
|
|
|z 2008045427
|
| 020 |
|
|
|z 9780754675327 (alk. paper)
|
| 035 |
|
|
|a (MiAaPQ)EBC438567
|
| 035 |
|
|
|a (Au-PeEL)EBL438567
|
| 035 |
|
|
|a (CaPaEBR)ebr10281395
|
| 035 |
|
|
|a (CaONFJC)MIL205462
|
| 035 |
|
|
|a (OCoLC)429912915
|
| 040 |
|
|
|a MiAaPQ
|c MiAaPQ
|d MiAaPQ
|
| 050 |
|
4 |
|a HD6195
|b .B75 2009
|
| 100 |
1 |
|
|a Briones, Leah.
|
| 245 |
1 |
0 |
|a Empowering migrant women
|h [electronic resource] :
|b why agency and rights are not enough /
|c by Leah Briones.
|
| 260 |
|
|
|a Aldershot, Hants, England ;
|a Burlington, VT :
|b Ashgate,
|c c2009.
|
| 300 |
|
|
|a xvii, 231 p.
|
| 490 |
1 |
|
|a Gender in a global/local world
|
| 504 |
|
|
|a Includes bibliographical references and index.
|
| 533 |
|
|
|a Electronic reproduction. Ann Arbor, MI : ProQuest, 2015. Available via World Wide Web. Access may be limited to ProQuest affiliated libraries.
|
| 650 |
|
0 |
|a Women migrant labor
|z Philippines.
|
| 650 |
|
0 |
|a Foreign workers, Philippine.
|
| 655 |
|
4 |
|a Electronic books.
|
| 710 |
2 |
|
|a ProQuest (Firm)
|
| 830 |
|
0 |
|a Gender in a global/local world.
|
| 856 |
4 |
0 |
|u https://ebookcentral.proquest.com/lib/matrademy/detail.action?docID=438567
|z Click to View
|